Statistiques concernant Départements français - Sous-Préfecture

Cliquez ici pour prendre le quiz!

Statistiques générales

  • Ce quiz a été pris 32 fois
  • Le résultat moyen est 47 sur 101

Statistiques - réponses

DépartementSous-préfecture% Correct
Bouches-du-RhôneAix en Provence
74%
Alpes-MaritimesGrasse
74%
AllierMontluçon
74%
HéraultBéziers
70%
Hautes-AlpesBriançon
70%
CorrèzeBrive la Gaillarde
70%
CharenteCognac
70%
Alpes-de-Haute-ProvenceBarcelonnette
65%
AinBelley
65%
DordogneBergerac
65%
Haute-CorseCalvi
65%
AveyronMillau
65%
Belfort | ParisSans
65%
Mayottesans
65%
Côte-d'OrBeaune
61%
MarneEpernay
61%
AriègePamiers
61%
GardAlès
57%
CreuseAubusson
57%
AubeBar-sur-Aube
57%
CalvadosBayeux
57%
TarnCastres
57%
Maine-et-LoireCholet
57%
DrômeDie
57%
Charente-MaritimeJonzac
57%
AudeLimoux
57%
MorbihanLorient
57%
Corse-du-SudSartène
57%
NordAvesnes sur Helpe
52%
Pas-de-CalaisBéthune
52%
FinistèreBrest
52%
AisneChâteau Thierry
52%
Côtes-d'ArmorDinan
52%
LotFigeac
52%
ArdècheLargentière
52%
DoubsMontbéliard
52%
ArdennesRethel
52%
SommeAbbeville
48%
Puy-de-DômeAmbert
48%
YonneAvallon
48%
Pyrénées-AtlantiquesBayonne
48%
Deux-SèvresBressuire
48%
MayenneChâteau Gontier
48%
Indre-et-LoireChinon
48%
LandesDax
48%
Seine-MaritimeDieppe
48%
JuraDôle
48%
VarDraguignan
48%
SartheLa Flèche
48%
LoiretMontargis
48%
CherSaint Amand Montrond
48%
SavoieAlbertville
43%
OrneArgentan
43%
Saône-et-LoireAutun
43%
VienneChâtellerault
43%
MeuseCommercy
43%
LozèreFlorac
43%
Haute-MarneLangres
43%
Haute-SaôneLure
43%
Lot-et-GaronneMarmande
43%
CantalMauriac
43%
Haute-GaronneMuret
43%
RhôneVillefranche sur Saône
43%
Haut-RhinAltkirch
39%
VaucluseApt
39%
Hautes-PyrénéesArgelès Gazost
39%
Val d'OiseArgenteuil
39%
MancheAvranches
39%
EureBernay
39%
GirondeBlaye
39%
Haute-SavoieBonneville
39%
Meurthe-et-MoselleBriey
39%
Haute-LoireBrioude
39%
Pyrénées-OrientalesCéret
39%
NièvreChâteau Chinon
39%
Eure-et-LoirChâteaudun
39%
OiseClermont
39%
GersCondom
39%
IsèreLa Tour du Pin
39%
LoireMontbrison
39%
Loir-et-CherRomorantin Lanthenay
39%
Haute-VienneBellac
35%
VendéeFontenay le Comte
35%
IndreIssoudun
35%
Seine-et-MarneMeaux
35%
Tarn-et-GaronneCastelsarrasin
30%
EssonneEtampes
30%
YvelinesMantes la Jolie
30%
VosgesNeufchâteau
30%
GuadeloupePointe à Pitre
30%
Hauts-de-SeineAntony
26%
Seine-Saint-DenisLe Raincy
26%
RéunionSaint Benoit
26%
GuyaneSaint Laurent du Maroni
26%
Val de MarneNogent sur Marne
22%
MartiniqueLe Marin
17%
Loire-AtlantiqueChâteaubriant Ancenis
13%
MoselleForbach Boulay Moselle
9%
Ille-et-VilaineFougère Vitré
9%
Bas-RhinHaguenau Wissembourg
9%

Distribution des résultats

Percentile par nombre de réponses

% des personnes avec chaque résultat

Votre développement - résultats

Vous n’avez pas pris ce quiz